LEADER 01793cas0-2200529---450- 001 990000823640203316 005 20120702152146.0 010 $a978-88-7018-823-3 035 $a0082364 035 $aUSA010082364 035 $a(ALEPH)000082364USA01 035 $a0082364 100 $a20011221d2012----km-y0itay50------ba 101 1 $aita$cger 102 $aIT 105 $ay|||z|||001yy 200 1 $aBildung e umanesimo$fHans-Georg Gadamer$ga cura di Giancarlo Sola$gtraduzione di Simone Sistig 210 $aGenova$cIl melangolo$d2012 215 $a235 p.$cill.$d20 cm 225 2 $aFilosofia della formazione$v10 410 0$12001$aFilosofia della formazione$v10 606 0 $aFormazione $xRuolo [della] Cultura umanistica$2BNCF 676 $a370.112 700 1$aGADAMER,$bHans-Georg$0142427 702 1$aSOLA,$bGiancarla 702 1$aSISTIG,$bSimone 801 0$aIT$bsalbc$gISBD 912 $a990000823640203316 951 $aII.4. 4080$b236746 L.M.$cII.4.$d00312197 959 $aBK 969 $aUMA 979 $aPATTY$b90$c20011221$lUSA01$h1541 979 $aPATTY$b90$c20011221$lUSA01$h1542 979 $aPATTY$b90$c20011221$lUSA01$h1604 979 $aPATTY$b90$c20020320$lUSA01$h1455 979 $aPATTY$b90$c20020320$lUSA01$h1455 979 $aPATTY$b90$c20020320$lUSA01$h1456 979 $aPATTY$b90$c20020320$lUSA01$h1510 979 $c20020403$lUSA01$h1728 979 $aPATRY$b90$c20040406$lUSA01$h1657 979 $aVITTORIANA$b90$c20101021$lUSA01$h1053 979 $aVITTORIANA$b90$c20101021$lUSA01$h1055 979 $aVITTORIANA$b90$c20120702$lUSA01$h1159 979 $aANNAMARIA$b90$c20120702$lUSA01$h1521 979 $aANNAMARIA$b90$c20120702$lUSA01$h1521 996 $aBildung e umanesimo$9967156 997 $aUNISA LEADER 01501nam2 2200325 i 450 001 SUN0017567 005 20180518102540.475 010 $d0.00 100 $a20040609d1999 |0engc50 ba 101 $aeng 102 $aGB 105 $a|||| ||||| 200 1 $a1: *Fluid flow, heat transfer and mass transfer$fJohn Metcalfe Coulson, John Francis Richardson 210 $aOxford$cPergamon$d1999 215 $aXI, 498 p.$cill.$d25 cm. 461 1$1001SUN0017566$12001 $a*Chemical engineering$fJohn Metcalfe Coulson, John Francis Richardson$v1$1210 $aOxford$cPergamon$1215 $avolumi$d25 cm. 620 $aGB$dOxford$3SUNL000020 676 $a660.63$cBiochimica industriale. Ingegneria biochimica$v22 700 1$aCoulson$b, John M.$3SUNV013505$045942 701 1$aRichardson$b, John F.$3SUNV013506$015891 712 $aPergamon$3SUNV000183$4650 790 1$aCoulson, J. M.$zCoulson, John M.$3SUNV102202 790 1$aRichardson, John Francis$zRichardson, John F.$3SUNV053536 790 1$aRichardson, J. F.$zRichardson, John F.$3SUNV102203 801 $aIT$bSOL$c20200622$gRICA 856 4 $u/sebina/repository/catalogazione/immagini/Copertina17567.jpg 912 $aSUN0017567 950 $aUFFICIO DI BIBLIOTECA DEL DIPARTIMENTO DI SCIENZE E TECNOLOGIE AMBIENTALI BIOLOGICHE E FARMACEUTICHE$d17CONS Na24 $e17FSA1833 20040609 $sBuono 996 $aFluid flow, heat transfer and mass transfer$9987067 997 $aUNICAMPANIA LEADER 01555nam1 2200433 i 450 001 CFI0061276 005 20251003044116.0 100 $a20000101g1980 ||||0itac50 ba 101 | $aita 102 $ait 181 1$6z01$ai $bxxxe 182 1$6z01$an 183 1$6z01$anc$2RDAcarrier 200 1 $aOpere di Antonio Gramsci 210 $aTorino$cEinaudi$d1980- 215 $a v.$d19 cm. 462 1$1001CFI0061239$12001 $aScritti 1913-1926. 606 $aMarxismo$2FIR$3CFIC006045$9E 606 $aGramsci, Antonio$2FIR$3CFIC002316$9E 676 $a335.4$9SISTEMI MARXIANI (MARXISMO)$v12 676 $a335.4$9SISTEMI MARXIANI (MARXISMO)$v19 676 $a335.4$9SISTEMI MARXIANI (MARXISMO)$v20 676 $a335.4$9SISTEMI MARXISTI$v21 676 $a335.4$9SISTEMI MARXISTI.$v22 676 $a335.4092$9SISTEMI MARXISTI. Persone$v21 676 $a335.43$9COMUNISMO (MARXISMO-LENINISMO)$v23 686 $aC.i.10$cPartito comunista italiano. Dibattito teorico, opere storiche$2F 700 1$aGramsci$b, Antonio$3CFIV008358$4070$0118233 801 3$aIT$bIT-000000$c20000101 850 $aIT-BN0095 $aIT-AV0001 $aIT-AV0003 $aIT-NA0120 $aIT-SA0111 $aIT-NA0261 901 $bNAP AL$cCARUSO $n$ 901 $bNAP AV$cSEZ. M 3 $n$ 901 $bNAP BN$cS.C. $n$ 901 $bNAP FT$cSOC. $n$ 912 $aCFI0061276 967 $m1 977 $a 01$a AL$a AR$a AV$a BN$a BU$a CR$a CS$a FT 996 $aOpere di Antonio Gramsci$933687 997 $aUNISANNIO